000 00369nam a2200133Ia 4500
005 20260328104327.0
008 260328s9999||||xx |||||||||||||| ||und||
100 _aBonilla, Liliana
245 0 _aManual de Preinventario Urbano y Arquitectónico /
_cLiliana Bonilla
260 _bInstituto Colombiano de Cultura
300 _a63 p.
650 _aURBANISMO
942 _cBK
999 _c11567
_d11567